| 000 | 00517cam a2200205ua 4500 | ||
|---|---|---|---|
| 001 | 8618 | ||
| 008 | 150210n xxu |||gr||||Z||||||eng | ||
| 020 | _a9780192813893 | ||
| 040 | _cMAIN | ||
| 041 | _aeng | ||
| 082 | _a418.03 | ||
| 100 |
_aFowler, H. W., _eAuthor. |
||
| 245 |
_aDictionary of modern english usage _cBy H. W. Fowler |
||
| 250 | _a2nd. | ||
| 260 |
_aNew york: _bOxford, _c1965. |
||
| 300 | _a706p. | ||
| 653 | _aStandard usage & applied linguistics | ||
| 653 | _aModern english usage | ||
| 942 | _cBK | ||
| 999 |
_c7718 _d7718 |
||